000 01594nam a2200253 a 4500
008 080219s1989 ||||||||||||||||| || u
020 _a0702122556
050 _aLB 1068 Dip
100 _aDu Plooy, Gertruidia M
245 1 0 _aUnderstanding television: guidelines for visual literacy. --
_cGertruida M. Du Plooy
260 _aCape Town
_bJuta and Company
_c1989
300 _ax, 111p: ill.
350 _a0.00
650 _aTELEVISION
650 0 _aVISUAL LITERACY
650 _aTELEVISION AND LITERACY
650 _aTELEVISION IN EDUCATION
995 _aANNEX COLLECTION (Main Library)
_D0.00
_e738477
_FCBU-MAIN LIBRARY (Kitwe)
_H1
_I0.00
_jLB 1068 DUP
_M2
_UAVAILABLE
_WFeb 19, 2008
_y738477
_ZAnnex Low-Usage Collection
995 _aMAIN LIBRARY OPEN ACCESS
_D0.00
_e738479
_FCBU-MAIN LIBRARY (Kitwe)
_H1
_I0.00
_jLB 1068 DUP
_M4
_UAVAILABLE
_WFeb 19, 2008
_y738479
_ZMain Library Open Access Collection
995 _aANNEX COLLECTION (Main Library)
_D0.00
_e738476
_FCBU-MAIN LIBRARY (Kitwe)
_H1
_I0.00
_jLB 1068 DUP
_M1
_UAVAILABLE
_WFeb 19, 2008
_y738476
_ZAnnex Low-Usage Collection
995 _aANNEX COLLECTION (Main Library)
_D0.00
_e738480
_FCBU-MAIN LIBRARY (Kitwe)
_H1
_I0.00
_jLB 1068 DUP
_M5
_UAVAILABLE
_WFeb 19, 2008
_y738480
_ZAnnex Low-Usage Collection
995 _aMAIN LIBRARY OPEN ACCESS
_D0.00
_e738481
_FCBU-MAIN LIBRARY (Kitwe)
_H1
_I0.00
_jLB 1068 DUP
_M6
_UAVAILABLE
_WFeb 19, 2008
_y738481
_ZMain Library Open Access Collection
995 _aANNEX COLLECTION (Main Library)
_D0.00
_e738478
_FCBU-MAIN LIBRARY (Kitwe)
_H1
_I0.00
_jLB 1068 DUP
_M3
_UAVAILABLE
_WFeb 19, 2008
_y738478
_ZAnnex Low-Usage Collection
999 _c78481
_d78481